Proces kształtowania się nazewnictwa osobowego południowej Białostocczyzny

Titel: Proces kształtowania się nazewnictwa osobowego południowej Białostocczyzny
Verfasser:
In: Nazwy własne na pograniczach kulturowych, (2000), Seite 21-28
alle Artikel anzeigen
Veröffentlicht: 2000
Format: Aufsatz
Sprache: Polnisch
Kein Bild verfügbar
X
alg: 39380505
001A    $01999:12-11-16 
001B    $01999:28-05-21 $t19:20:19.000 
001D    $01999:12-11-16 
001U    $0utf8 
001X    $00 
002@    $0Aox 
003@    $0393805050 
007A    $0393805050 $aHEB 
007T    $0Herdk22979 
010@    $apol 
011@    $a2000 
021A    $aProces kształtowania się nazewnictwa osobowego południowej Białostocczyzny 
028A    $aBogdanowicz $dElżbieta 
031A    $h21-28 $j2000 
039B    $aIn $8--Aay--. Nazwy własne na pograniczach kulturowych. - Białystok : Uniw. w Białymstoku, Inst. Filologii Wschodnioslowianskie, 2000. - 302 S.. - Kt.. - ISBN 83-88463-08-x $x200000000000000979 $9113201818 
045F    $a307.09438 $eDDC23BSB 
045F/01 $a307.09 
045F/03 $g438 

lok: 39380505 78

exp: 39380505 78 1 #EPN
201B/01 $028-08-18 $t22:49:58.000 
201U/01 $0utf8 
203@/01 $0789915553 
208@/01 $a12-11-16 $be 
209A/01 $a/ $f000 $x00 
220C/01 $aTitelaufnehmer: pbb 
220C/01 $aHerkunft: IH PAN/PBB Kraków 
244Z/01 $2Trx $#Poola $#Lenkija $#Polija $#Polen Land $#Poland $#Lengyelország $#Poľsko $#Polsko $8--Trx--Polska$gkraj $x01 $9391345966 
244Z/01 $74225454-1 $8--Tg1--Białystok$zRegion $x02 $9086171887 
244Z/01 $aGeschichte 1000-2000 $x03 
244Z/01 $2Trx $#nimeteadus isikud $#onomastika asmenvardžiai $#onomatology personal names $#névtan személyek $#onomastyka, osoby $#onomastika osoby $#onomastika jména osob $#Anthroponomastik $#antroponomastyka $#antroponomastika $8--Trx--Namenkunde$gPersonen $x04 $9391382993 
244Z/01 $2Trx $8--Trx--Einzelbeiträge $x05 $9391384570 
245Z/01 $a13.02 $x01 
245Z/01 $a11.07 $x02 
247C/01 $82080>Marburg/Lahn, Herder-Institut, Forschungsbibliothek, Bibliographieportal $9336309341
LEADER 00000caa a22000002c 4500
001 393805050
003 DE-603
005 20210528192019.0
007 tu
008 161112s2000 xx |||| | u00||u|pol c
035 |a (DE-599)HEB393805050 
040 |a DE-603  |b ger  |c DE-603  |d DE-603 
041 |a pol 
082 0 4 |8 1\u  |a 307.09438  |q DE-101  |2 23/BSB 
085 |8 1\u  |b 307.09 
085 |8 1\u  |z 2  |s 438 
100 1 |a Bogdanowicz, Elżbieta 
245 0 0 |a Proces kształtowania się nazewnictwa osobowego południowej Białostocczyzny 
264 0 |c 2000 
773 0 8 |i In  |t Nazwy własne na pograniczach kulturowych  |d Białystok : Uniw. w Białymstoku, Inst. Filologii Wschodnioslowianskie, 2000  |h 302 S., Kt.  |z 838846308x  |g (2000), Seite 21-28  |w (DE-603)113201818 
924 0 |9 2080  |a (DE-603)789915553  |b DE-2080  |c HES  |d d  |g /